[Event "Barcelona Tres Peons op-B 15th"]
[Site "Barcelona"]
[Date "2013.02.22"]
[Round "7"]
[White "Aranguiz Jimenez, Jonathan"]
[Black "Sans Bascu, Joaquin"]
[Result "1-0"]
[WhiteElo "1520"]
[BlackElo "1743"]
[PlyCount "73"]
[EventDate "2013.01.11"]
[EventType "swiss"]
[EventRounds "9"]
[EventCountry "ESP"]
[SourceTitle "EXT 2014"]
[Source "ChessBase"]
[SourceDate "2013.11.20"]
[SourceVersion "1"]
[SourceVersionDate "2013.11.20"]
[SourceQuality "1"]

1. c4 e6 2. Nc3 Nf6 3. g3 Be7 4. Bg2 d5 5. cxd5 exd5 6. d4 0-0 7. Nf3 c6 8. 0-0 Be6 9. h3 Qc8 10. Ng5 Bf5 11. Re1 Bd6 12. e4 dxe4 13. Ncxe4 Nxe4 14. Bxe4 h6 15. Bxf5 Qxf5 16. Ne4 Bc7 17. Qd3 Nd7 18. Re3 Rfe8 19. Bd2 b6 20. Rae1 Kf8 21. Nd6 Rxe3 22. Qxf5 Rxe1+ 23. Bxe1 Nf6 24. Ne4 Nxe4 25. Qxe4 Re8 26. Qb1 c5 27. dxc5 bxc5 28. Kf1 Kg8 29. Qc2 Bb6 30. b4 cxb4 31. Bxb4 Rd8 32. a4 Rd7 33. a5 Rc7 34. Qe2 Rc1+ 35. Kg2 Bc7 36. Qe8+ Kh7 37. Qxf7 1-0